1193 1221 1824 1703 1378 1686 1530 1731 1184 1090 1460 1578 1386 1849 1214 1543 1216 1186 1374 1340 1886 1372 1803 1011 1940 1703 1894 1983 1704 1447 1976 1326 1754 1233 1402 1880 1600 1702 1355 1389 1815 1695 1372 1989 1508 1994 1426 1677 1833 1307 1483 1522 1439 1485 1938 1088 1967 1462 1461 1415 1886 1453 1729 1491 1039 1796 1987 1605 1541 1220 1965 1231 1092 1269 1143 1522 1092 1341 1103 1381 1632 1665 1494 1044 1360 1514 1573 1255 1439 1218 1207 1612 1715 1120 1786 1961 1679 1035 1896 BCNSPRNW ULIB Ver.6.0+V

เปลี่ยนเป็นภาษาไทย

Change to English
 แสดงรายละเอียดบรรณานุกรม
  กลับหน้าหลัก

Brief Record : Get Marc (ISO 2709) : E-mail record : QR code < ปิดหน้าต่าง
LEADER : 00000nas 2200000uu 4500
001    13399125916
003     ULIB
008    170927s2560||||th 000 0 tha d
022 0  ^a16860152
245 00 ^aวารสารวิทยาศาสรตร์สุขภาพวิทยาลัยพยาบาลบมราชชนนี สรรพสิทธิประสงค์/^bวิทยาลัยพยาบาลบรมราชชนนี สรรพสิทธิประสงค์
310    ^aรายสี่เดือน
850 ^a ULIB^bปีที่ 1 ฉบับที่ 2 ฉ.1 ;ปีที่ 1 ฉบับที่ 3 ฉ.1 ;ปีที่ 1 ฉบับที่ 1 ฉ.1
945    ^p0^l0^i904977
945    ^p0^l0^i905167
945    ^p0^l0^i904657
999    ^aประนอม เกษจรัล
รายการนี้ยังไม่มีแท็ก
คุณยังไม่ได้ล็อกอิน คุณสามารถมีกิจกรรมร่วมกับเว็บไซต์ได้ แต่ต้องล็อกอินก่อน ::
  ล็อกอิน

รายการสื่อสารสนเทศ (วารสาร)

ดูแบบ: กล่อง รายการ
ARRIVED
ปีที่ 1 ฉบับที่ 1 ฉ.1
สถานที่: ห้องสมุดวิทยาเขตสวรรค์ประชารักษ์ >วารสาร
ARRIVED
ปีที่ 1 ฉบับที่ 2 ฉ.1
สถานที่: ห้องสมุดวิทยาเขตสวรรค์ประชารักษ์ >วารสาร
ARRIVED
ปีที่ 1 ฉบับที่ 3 ฉ.1
สถานที่: ห้องสมุดวิทยาเขตสวรรค์ประชารักษ์ >วารสาร

BibComment


ยังไม่เคยถูกคอมเมนท์

คอมเมนท์ทรัพยากรรายการนี้
  คอมเมนท์: วารสารวิทยาศาสรต..


 Copyright 2026. Bcnsprnw @Library